000 00536nam a2200205Ia 4500
005 20250508150454.0
008 008 250505s9999 xx 000 0 eng d
037 _aTextual
040 _aFEDL
_beng
_cFEDL
041 _aeng
_2eng
084 _a150.13115, STU
_qFEDL
100 _aSturt Mary
_980605
245 0 _aPsychology of time
260 _aLondon, UK
_bKegan Paul
_c1925
300 _avi,152p
365 _aINR
_b8
650 _aPsychology
942 _cTEXL
_h150.13115, STU
999 _c1323811
_d1323811